|
|
|
|
| LEADER |
00000nab a2200000 a 4500 |
| 001 |
vtls000854496 |
| 003 |
SK-MaSNL |
| 005 |
20260318132333.0 |
| 008 |
160405c2003 xo 0 hun |
| 015 |
|
|
|a SNBRB2003/11-34411
|
| 035 |
|
|
|a CLN000206151
|
| 040 |
|
|
|a SNKBUCL
|b slo
|c SNKBUCL
|e AACR2
|
| 041 |
0 |
|
|a hun
|
| 044 |
|
|
|a xo
|c SK
|
| 080 |
|
|
|a 329.4(437.6)(=511.141)SMK
|2 1997
|
| 100 |
1 |
|
|a Szilvássy, József,
|d 1946-
|4 ain
|9 18091
|
| 245 |
1 |
0 |
|a Indulatokat szító félinformációk
|b Bugár Béla ismét leszögezte, hogy ragaszkodnak az 55 százalékhoz, mert a gazdák csak így lehetnek versenyképesek
|c [beszélgetett] Szilvássy József
|
| 300 |
|
|
|b Fotogr.
|
| 610 |
|
7 |
|a Strana maďarskej koalície - Magyar Koalíció Pártja
|2 snkbucl
|9 229268
|
| 655 |
|
7 |
|a články z novín a časopisov
|2 snkbucl
|9 267496
|
| 700 |
1 |
|
|a Bugár, Béla,
|d 1958-
|4 aut
|4 uin
|9 103270
|
| 773 |
0 |
|
|t Új szó
|g Roč. 56, č. 235 (13.10.2003), s. 5
|
| 850 |
|
|
|a Slovenská národná knižnica v Martine
|
| 852 |
|
|
|a SNK
|b KIS3GCP
|
| 958 |
|
|
|a HU
|
| 958 |
|
|
|a SK
|
| 958 |
|
|
|a RBX
|
| 999 |
|
|
|c 2122829
|d 2124759
|